Social structure and informal justice administration: a study into state sponsored informal justice and its anthropological antecedent; eksamensoppgave

Guardado en:  
Detalles Bibliográficos
Autor principal: Dzorqbo, Dan B. (Autor)
Tipo de documento: Print Libro
Lenguaje:Inglés
Publicado: Oslo Dep. of Criminology and Criminal Law, Univ. of Oslo 1988
En:Año: 1988
Disponibilidad en Tübingen:Disponible en Tübingen.
UB: KB 2 B 988
Verificar disponibilidad: HBZ Gateway
Servicio de pedido Subito: Pedir ahora.

MARC

LEADER 00000cam a2200000 c 4500
001 1093423889
003 DE-627
005 20220514132954.0
007 tu
008 910301s1988 xx ||||| 00| ||eng c
035 |a (DE-627)1093423889 
035 |a (DE-576)023423889 
035 |a (DE-599)BSZ023423889 
035 |a (OCoLC)311700698 
040 |a DE-627  |b ger  |c DE-627  |e rakwb 
041 |a eng 
100 1 |a Dzorqbo, Dan B.  |4 aut 
245 1 0 |a Social structure and informal justice administration  |b a study into state sponsored informal justice and its anthropological antecedent; eksamensoppgave  |c Dzorqbo, Dan Bright 
264 1 |a Oslo  |b Dep. of Criminology and Criminal Law, Univ. of Oslo  |c 1988 
300 |a 65 S. 
336 |a Text  |b txt  |2 rdacontent 
337 |a ohne Hilfsmittel zu benutzen  |b n  |2 rdamedia 
338 |a Band  |b nc  |2 rdacarrier 
583 1 |a Archivierung prüfen  |c 20200919  |f DE-640  |z 1  |2 pdager 
951 |a BO 
ELC |b 1 
LOK |0 000 xxxxxcx a22 zn 4500 
LOK |0 001 2160340189 
LOK |0 003 DE-627 
LOK |0 004 1093423889 
LOK |0 005 20150820094707 
LOK |0 008 910301||||||||||||||||ger||||||| 
LOK |0 040   |a DE-21  |c DE-627  |d DE-21 
LOK |0 852   |a DE-21 
LOK |0 852 1  |c KB 2 B 988  |9 00 
LOK |0 866   |x Kopie 
LOK |0 935   |a krim 
LOK |0 939   |a 01-03-91  |b l01 
ORI |a SA-MARC-krimdoka001.raw 
SIG |a UB: KB 2 B 988